| 000 | 01675cam a2200529 a 4500 | ||
|---|---|---|---|
| 001 | 20822 | ||
| 003 | VRT | ||
| 005 | 20260204164144.0 | ||
| 008 | 100831s2010 xo a j 000 j slo d | ||
| 015 | _aSNBA2010/06-03153 | ||
| 020 | _a9788080859718 (viaz.) | ||
| 035 | _a(VRT)vtls010078202 | ||
| 039 | 9 |
_a201010130928 _bmuro _c201010071255 _dscepkova _c201010040758 _dscepkova _c201008310949 _dedita |
|
| 040 |
_aPPPK _bslo _cUKB _dSNK _eAACR2 |
||
| 041 | 1 |
_aslo _heng |
|
| 044 |
_axo _cSK |
||
| 072 | 7 |
_a821.111-3 _xAnglická próza, anglicky písaná _2konspekt |
|
| 072 | 7 |
_a821-93 _xLiteratúra pre deti a mládež _2konspekt |
|
| 080 |
_a821.111-32 _22004 |
||
| 080 |
_a821-93 _22004 |
||
| 080 |
_a(0:82-32) _22004 |
||
| 100 | 1 | _aKessler, Liz | |
| 240 | 1 | 0 |
_aPhilippa Fisher and the dream maker’s daughter. _lSlovensky |
| 245 | 1 | 0 |
_aFilipa Fišerová a dcéra vládkyne snov _c[text Liz Kessler] ; ilustrovala Katie May ; [z anglického originálu preložila Jana Melcerová] |
| 260 |
_a[Bratislava] _bSlovart _c2010 |
||
| 300 |
_a248 s. _bil. |
||
| 653 | _a821.111-32 | ||
| 653 | _a821-93 | ||
| 653 | _a(0:82-32) | ||
| 655 | 7 |
_aanglické príbehy _2UKBPH |
|
| 655 | 7 |
_apublikácie pre deti _2UKBPH |
|
| 700 | 1 |
_aMay, Katie _4ill |
|
| 700 | 1 |
_aMelcerová, Jana _4trl |
|
| 910 | _apppk | ||
| 910 | _apokpoh | ||
| 910 | _askpk | ||
| 910 | _attkjf | ||
| 910 | _asllk | ||
| 910 | _asnk | ||
| 910 | _aukb | ||
| 942 |
_2ddc _cKLDE _n0 |
||
| 949 |
_61800480042 _aSL.D.78278 _bPV.8035-2010 |
||
| 949 |
_61800480043 _aSK.D.46630 _bPV.8036-2010 _s6707:20101014 |
||
| 980 | _a821.111-93 | ||
| 980 | _a821.111-32 | ||
| 999 |
_c20822 _d20822 |
||